Musica humana : úvod do muzikoterapie, která vychází z antroposofie Rudolfa Steinera / Josef Krček
Record details
- ISBN: 978-80-86600-50-5
- Physical Description: 191 s. : il., portréty, noty ; 22 cm
- Edition: Vyd. 1.
- Publisher: Hranice : Fabula, 2008
Search for related items by subject
| Subject: | muzikoterapie antropozofická terapie music therapy anthroposophical therapy |
| Genre: | příručky handbooks and manuals |
Available copies
- 1 of 2 copies available at Common Catalog SPOK.
Holds
- 0 current holds with 2 total copies.
Show Only Available Copies
| Location | Call Number / Copy Notes | Barcode | Shelving Location | Status | Due Date |
|---|---|---|---|---|---|
| Jabok Library | Psy-9.8/K | 424480022287 | Odborná literatura | Available | - |
| Jabok Library | Psy-9.8/K | 424480022861 | Odborná literatura | Checked out | 08.09.2025 |
Electronic resources
Version of Resource: Obsah
| LDR | 01255nam a2200361 a 4500 | ||
|---|---|---|---|
| 001 | 7319 | ||
| 003 | CZ-PrJAB | ||
| 005 | 20161012082739.0 | ||
| 007 | ta | ||
| 008 | 081223s2008 xr acg e f 000 0 cze | ||
| 015 | . | ‡acnb001834985 | |
| 020 | . | ‡a978-80-86600-50-5 ‡q(váz.) | |
| 035 | . | ‡a(CZ-PrJAB)24274 | |
| 035 | . | ‡a(CZ PrNK)nkc20081834985 | |
| 035 | . | ‡a(OCoLC)316678583 | |
| 040 | . | ‡aABA001 ‡bcze | |
| 072 | 7. | ‡a615.8 ‡xFyzioterapie. Psychoterapie. Alternativní lékařství ‡2Konspekt ‡914 | |
| 080 | . | ‡a615.851:78 ‡2MRF | |
| 080 | . | ‡a615.8:141.333 ‡2MRF | |
| 080 | . | ‡a(035) ‡2MRF | |
| 100 | 1 | . | ‡aKrček, Josef, ‡d1946- ‡7xx0007003 ‡4aut |
| 245 | 1 | 0. | ‡aMusica humana : ‡búvod do muzikoterapie, která vychází z antroposofie Rudolfa Steinera / ‡cJosef Krček |
| 250 | . | ‡aVyd. 1. | |
| 260 | . | ‡aHranice : ‡bFabula, ‡c2008 | |
| 300 | . | ‡a191 s. : ‡bil., portréty, noty ; ‡c22 cm | |
| 650 | 0 | 7. | ‡amuzikoterapie ‡7ph123056 ‡2czenas |
| 650 | 0 | 7. | ‡aantropozofická terapie ‡7ph184921 ‡2czenas |
| 650 | 0 | 9. | ‡amusic therapy ‡2eczenas |
| 650 | 0 | 9. | ‡aanthroposophical therapy ‡2eczenas |
| 655 | 7. | ‡apříručky ‡7fd133209 ‡2czenas | |
| 655 | 9. | ‡ahandbooks and manuals ‡2eczenas | |
| 856 | 4 | 1. | ‡yObsah ‡uhttp://toc.nkp.cz/NKC/200902/contents/nkc20081834985_1.pdf |
| 910 | . | ‡aABG312 | |
| 901 | . | ‡a7319 ‡bUnknown ‡c7319 ‡tbiblio | |